Central Library OPAC University of Rajshahi

The folk-literature of Bengal : (Record no. 54019)

MARC details
000 -LEADER
fixed length control field 00905nam a2200229 a 4500
001 - CONTROL NUMBER
control field 54019
003 - CONTROL NUMBER IDENTIFIER
rucl marc code BD-RjUL
005 - DATE AND TIME OF LATEST TRANSACTION
control field 20211209080048.0
008 - FIXED-LENGTH DATA ELEMENTS--GENERAL INFORMATION
fixed length control field 161031s1920 ii 001 0 eng d
035 ## - SYSTEM CONTROL NUMBER
System control number (BD-RjUL)54141
040 ## - CATALOGING SOURCE
Original cataloging agency BD-RjUL
Language of cataloging eng
Transcribing agency BD-RjUL
041 ## - LANGUAGE CODE
Language code of text/sound track or separate title eng
082 ## - DEWEY DECIMAL CLASSIFICATION NUMBER
Classification number 398.2095414
Author mark and year SEF 1920
100 1# - MAIN ENTRY--PERSONAL NAME
Personal name Sen, Dineshchandra,
Dates associated with a name 1866-1939.
9 (RLIN) 161302
245 14 - TITLE STATEMENT
Title The folk-literature of Bengal :
Remainder of title being lectures delivered to the Calcutta University in 1917, as Ramtanu Lahiri research fellow in the history of Bengali language and literature /
Statement of responsibility, etc. Rai Saheb Dineshchandra Sen ; foreword by W.R. Gourlay.
260 ## - PUBLICATION, DISTRIBUTION, ETC. (IMPRINT)
Place of publication, distribution, etc. Calcutta :
Name of publisher, distributor, etc. University of Calcutta,
Date of publication, distribution, etc. 1920
300 ## - PHYSICAL DESCRIPTION
Pagination xxiii, [iv]-ix, 362 p. ;
Size 23 cm.
500 ## - GENERAL NOTE
General note Includes index.
650 #0 - SUBJECT ADDED ENTRY--TOPICAL TERM
Topical term or geographic name as entry element Folk literature, Bengali
General subdivision History and criticism.
9 (RLIN) 161303
700 1# - ADDED ENTRY--PERSONAL NAME
Personal name Gourlay, W. R.
Fuller form of name (William Robert).
942 ## - ADDED ENTRY ELEMENTS (KOHA)
Source of classification or shelving scheme Dewey Decimal Classification
Koha item type Books
Holdings
Lost status Source of classification or shelving scheme Damaged status Not for loan Collection code Permanent Location Current Location Shelving location Date acquired Source of acquisition Cost, normal purchase price Total Checkouts Full call number Date last seen Copy number Koha item type
  Dewey Decimal Classification     Non-fiction Central Library, University of Rajshahi Central Library, University of Rajshahi   15/11/1962 Kamala Book 5.31   398.2095414 SEF 1920 31/10/2016 C-2 Books
  Dewey Decimal Classification   Not For Loan Non-fiction Central Library, University of Rajshahi Central Library, University of Rajshahi Reading Room 27/02/1989 Karim International, Dhaka 250.00   398.2095414 SEF 1920 16/01/2017 C-1 Books